000
00495nam a2200181Ia 4500
008
100917s9999 xx 000 0 und d
082
_b
35758
100
_a
दत्ता केशव
245
_a
धंदेवाईक
260
_b
मेहता पब्लीशर्स हाऊस
_c
1978
300
_a
58
365
_b
8
520
_a
नाटक
630
_a
धंदेवाईक
650
_a
नाटक
730
_a
धंदेवाईक
942
_c
BOOK
999
_c
641152
_d
641149